[Event "Tilburg"]
[Site "Tilburg"]
[Date "1991.??.??"]
[Round "7"]
[White "Timman, Jan H"]
[Black "Kortschnoj, Viktor Lvovich"]
[Result "1-0"]
[WhiteElo "2630"]
[BlackElo "2610"]
[Annotator "Knaak,R"]
[PlyCount "49"]
[EventDate "1991.10.??"]
[EventType "tourn"]
[EventRounds "14"]
[EventCountry "NED"]
[EventCategory "17"]
[SourceTitle "CBM 026"]
[Source "ChessBase"]
[SourceDate "1992.02.01"]
[SourceVersion "1"]
[SourceVersionDate "1992.02.01"]
[SourceQuality "1"]

1. e4 {Anand Ftacnik} e6 2. d4 d5 3. Nc3 dxe4 4. Nxe4 Nd7 5. Nf3 Ngf6 6. Bg5
Be7 7. Nxf6+ Bxf6 8. h4 c5 (8... O-O $1 {Anand-Kortschnoj/Tilburg/1991/CBM26})
(8... O-O {Anand} 9. Qd2 e5 10. O-O-O e4 {Anand-Korchnoi a few rounds later})
9. Qd2 cxd4 (9... O-O {Ftacnik} 10. O-O-O cxd4 11. Nxd4 Qb6 12. Bc4 h6 13. Be3
Ne5 14. Bb3 Ng4 15. Qe2 Nxe3 16. fxe3 a5 17. a4 Bd7 $10 {Chandler,M-Nogueiras,
J/Moscow GMA op/1990/}) 10. O-O-O e5 $6 (10... O-O) (10... O-O {Ftacnik}) 11.
Re1 O-O (11... Qb6 {Ftacnik} 12. Bxf6 Qxf6 13. Qxd4 $16) 12. Nxe5 Re8 $2 (12...
Nxe5 13. Rxe5 Be6 14. Bxf6 Qxf6 15. Qxd4 Rad8 (15... Rfd8 {Anand} 16. Qe3 {
and white seems to keep his extra pawn}) 16. Qe3 Rfe8 $13 (16... Bxa2 {Ftacnik}
17. b3 $16)) 13. Nxf7 $1 $18 Rxe1+ (13... Kxf7 14. Bc4+ Kf8 (14... Kg6 15. Qd3+
Kh5 16. Bf7+) 15. Rxe8+ $1 (15. Qb4+ Be7 (15... Re7 16. Qd6 Ke8 (16... Qb6 17.
Qxe7+ Bxe7 18. Bxe7+ Ke8 19. Bc5+ $18) 17. Bxf6 gxf6 (17... Nxf6 18. Bf7+ $1
Kxf7 19. Qxd8 $18) 18. f4 {/\ 19.Qd5, 20.Qf7#} b6) 16. Bxe7+ Rxe7 17. Qd6 Ke8
18. h5 Ne5 19. Bb5+ Bd7 20. Rxe5 Bxb5 21. Qxd8+ Rxd8 22. Rxb5 $16) 15... Qxe8
16. Re1 {/\ 17.Qb4+} Ne5 17. Bxf6 (17. Qb4+ {Ftacnik} Qe7 18. Qxe7+ Kxe7 19.
Rxe5+ Kf8 20. Bxf6 gxf6 21. Re4 $18) 17... gxf6 18. Qh6+ Ke7 19. Qg7+ Kd6 20.
Qxf6+ Kc7 21. Rxe5 $18) 14. Qxe1 Kxf7 15. Bc4+ Kf8 16. Qe6 Bxg5+ (16... Ne5 17.
Qg8+ Ke7 18. Qxg7+ $18) 17. hxg5 Qxg5+ 18. Kb1 Ne5 (18... Qf6 {Ftacnik} 19.
Qg8+ Ke7 20. Re1+ Ne5 21. Qd5 $1 $18) 19. Qg8+ Ke7 20. Re1 $1 Bd7 (20... h6 {
Ftacnik} 21. Qd5 Kf6 22. Qd6+ $18) 21. Qxa8 Qd2 22. Rxe5+ Kf6 23. a3 Kxe5 24.
Qb8+ Kf5 (24... Ke4 {Ftacnik} 25. Qxb7+ $18) (24... Kf6 {Anand} 25. Qd8+) 25.
Qf8+ (25. Qf8+ Kg6 26. Qf7+ Kh6 27. Qxd7 $18) 1-0

[Event "Tel Aviv ASA"]
[Site "Tel Aviv"]
[Date "1996.??.??"]
[Round "8"]
[White "Kogan, Artur"]
[Black "Zifroni, Dov"]
[Result "1/2-1/2"]
[WhiteElo "2475"]
[BlackElo "2490"]
[Annotator "Knaak,R"]
[PlyCount "81"]
[EventDate "1996.08.??"]
[EventType "tourn"]
[EventRounds "9"]
[EventCountry "ISR"]
[EventCategory "8"]
[SourceTitle "CBM 055 Extra"]
[Source "ChessBase"]
[SourceDate "1997.01.01"]
[SourceVersion "1"]
[SourceVersionDate "1997.01.01"]
[SourceQuality "1"]

1. e4 e6 2. d4 d5 3. Nc3 Nf6 4. Bg5 dxe4 5. Nxe4 Be7 6. Bxf6 gxf6 7. g3 {
Fischers Zug, der aber schon lange vor ihm gespielt wurde.} f5 8. Nc3 Bf6 9.
Nge2 Nc6 10. d5 exd5 ({Die Alternative ist} 10... Nb4 11. Bg2 Nxd5 12. Bxd5
exd5 13. Nxd5 Bxb2 14. Nef4 O-O $13) 11. Nxd5 Bxb2 12. Bg2 O-O 13. O-O Bh8 (
13... Be5 14. Rb1 Na5 (14... Rb8 15. Qc1 $1 Be6 16. Rd1 Bxd5 17. Rxd5 Qf6 18.
Rdb5 $14 {+/= Nadanian,A-Hachian,M/Armenia 1993}) 15. Qe1 c6 16. Rd1 Re8 17.
Ndf4 Qc7 18. Nh5 Nc4 19. Qb4 Be6 20. Rd3 Bh8 21. Bh3 Qb6 22. Qe1 Qb2 23. Qd1
Ne5 24. Rd6 Bc4 25. Nd4 Bxf1 26. Bxf1 Qa3 27. Nxf5 Nf3+ 28. Kg2 Ne1+ 29. Kh1
Qf3+ 30. Qxf3 Nxf3 31. Rd7 Ne5 32. Rxb7 Rad8 33. Rxa7 Kf8 34. f4 Ng4 35. Bc4
Rd1+ 36. Kg2 Ne3+ 37. Nxe3 Rxe3 38. Rxf7+ Ke8 39. Rxh7 Bd4 40. Ng7+ Kd8 41. Nf5
{1-0 Bellon Lopez,J-Marovic,D/Medina del Campo 1980}) 14. Rb1 (14. Nef4 Ne5 15.
Qh5 Ng6 16. Rad1 (16. Nh3 Bg7 (16... f6 $6 17. Rad1 c6 18. Ne3 Qc7 19. Nxf5 Qe5
20. g4 Bxf5 (20... Nf4 21. Nxf4 Qxf4 22. Ne7+ Kg7 23. Nxc8 Raxc8 24. Rd7+ $18)
21. gxf5 {/\ Qg4} Ne7 22. Rd7 Rab8 (22... Qxf5 23. Qxf5 Nxf5 24. Be4 $1 Ng7 25.
Rxb7 $16) 23. Rfd1 $16) (16... Bf6 $1 $14) 17. Ng5 h6 18. Nxf7 Rxf7 $1 {N} (
18... Kxf7 $6 19. Nf4 Qg5 20. Bd5+ Kf6 (20... Ke8 21. Rae1+ Kd8 22. Qd1 $1 c6 (
22... Bd7 23. Be6 $18) (22... Nxf4 23. Bc6+ $18) 23. Nxg6 cxd5 (23... Qxg6 24.
Bf7+ $18) 24. Qxd5+ Bd7 25. Rd1 $18) 21. h4 $1 Nxh4 $2 (21... Qxh5 22. Nxh5+
Ke7 (22... Ke5 $2 23. Rad1 $18) 23. Nxg7 $16 {->}) 22. Qd1 $3 c5 23. Qd3 {
1-0 Nadanian,A-Varlamov,V/corr 1993}) 19. Qxg6 Qg5 $1 (19... c6 $2 20. Rad1 $1
Rd7 (20... cxd5 21. Bxd5 Qf6 22. Bxf7+ Qxf7 23. Rd8+ $18) 21. Rfe1 Kf8 22.
Qxf5+ Rf7 23. Qh5 $1 cxd5 (23... Rf5 24. Nf6 $1 $18) 24. Bxd5 Re7 (24... Rd7
25. Be6 $18) (24... Rf6 25. Bc6 $18) (24... Rf5 25. Qg6 $18) 25. Qf3+ $18) 20.
Qxg5 hxg5 21. Rae1 Kf8 22. Re2 c6 23. Rfe1 Bd7 24. Nc7 Rd8 $10 {= Nadanian,
A-Altounian,L/Armenia 1994}) 16... c6 17. Ne3 Qf6 18. Kh1 Bg7 19. Bh3 Ne7 20.
Rd3 Be6 21. Rfd1 Bh6 22. Rd4 Bxf4 23. Rxf4 Rad8 24. Rxd8 Rxd8 25. Bxf5 Nxf5 26.
Nxf5 Rd5 27. g4 Bxf5 28. gxf5 h6 29. h3 Kh7 30. Qe2 Qe5 31. Qh5 Qf6 32. Qe2 Re5
33. Qd3 Rd5 {1/2-1/2 Fischer,R-Petrosian,T/Buenos Aires (m3) 1971}) 14... Ne5
15. Nef4 c6 16. Ne3 Qf6 17. Nh5 Qe6 18. Re1 Qxa2 19. Rb4 Qa5 20. Qd6 Be6 21.
Reb1 b6 22. Qe7 Ng6 23. Nf6+ Kg7 24. Nh5+ Kh6 25. Qd6 Kxh5 26. Nxf5 Bxf5 27.
Qd2 Nf4 28. Qxf4 Kg6 29. Bxc6 Qe5 30. Qf3 Rac8 31. Rb5 Qe6 32. R1b4 Bf6 33. Rf4
Bh3 34. Re4 Qc4 35. Qh5+ Kg7 36. Rg5+ Bxg5 37. Qxg5+ Kh8 38. Qf6+ Kg8 39. Qg5+
Kh8 40. Qf6+ Kg8 41. Qg5+ 1/2-1/2

[Event "St Petersburg zt"]
[Site "St Petersburg"]
[Date "1993.??.??"]
[Round "2"]
[White "Landa, Konstantin"]
[Black "Budnikov, Alexandar"]
[Result "0-1"]
[WhiteElo "2455"]
[BlackElo "2520"]
[Annotator "Knaak,R"]
[PlyCount "118"]
[EventDate "1993.01.??"]
[EventType "swiss"]
[EventRounds "9"]
[EventCountry "RUS"]
[SourceTitle "CBM 034"]
[Source "ChessBase"]
[SourceDate "1993.06.01"]
[SourceVersion "1"]
[SourceVersionDate "1993.06.01"]
[SourceQuality "1"]

1. e4 e6 2. d4 d5 3. Nc3 Nf6 4. Bg5 dxe4 5. Nxe4 Be7 6. Bxf6 gxf6 7. Nf3 b6 8.
Bc4 Bb7 9. Qe2 Nd7 10. O-O-O c6 11. Kb1 Qc7 12. Rhe1 O-O-O 13. Ba6 Rhg8 14. g3
(14. Ng3 $5) 14... f5 15. Ned2 h5 16. Bxb7+ Kxb7 17. Nc4 h4 18. Rd3 (18. Nce5
Nxe5 19. Nxe5 Bd6 $10 {(Huergo)}) 18... hxg3 (18... Rg4 19. Ne3 hxg3 20. hxg3
Rgg8 $2 (20... Rg6 $1 21. Nxf5 Bb4 22. c3 Bxc3 23. Rxc3 exf5 $13 {(Rodriguez,A)
}) 21. Nxf5 Bb4 22. c3 exf5 $6 (22... Bxc3 23. Rxc3 exf5 24. Rec1 $16 {
(Rodriguez,A)}) 23. cxb4 $16 {Rodriguez,A-Borges Mateos/Holguin/1989}) 19. hxg3
b5 $1 $146 (19... f4 20. gxf4 Qxf4 21. Nfe5 Nxe5 22. Nxe5 $14 {Huergo-Borges
Mateos/CUB-ch/1989}) (19... Rg4 $5) 20. Ne3 Bf6 21. c4 $1 Nb6 $1 22. Rc1 $2 (
22. cxb5 cxb5 23. Rc3 Qd7 24. Rec1 $13) 22... f4 $1 23. gxf4 Qxf4 24. cxb5 cxb5
25. Nf1 Rc8 26. Rcd1 Rc7 27. Ng3 Rgc8 28. Qe4+ Nd5 29. Qxf4 Nxf4 30. Rb3 Kb6
31. a4 a6 32. Ne4 Be7 33. axb5 axb5 34. Rg1 Ne2 $17 35. Re1 Rc1+ 36. Rxc1 Rxc1+
37. Ka2 Rc4 38. Re3 Nxd4 39. Ne5 Ra4+ 40. Kb1 f5 41. Nc3 Ra7 42. Ng6 Bg5 43.
Re5 Bf6 44. Re1 b4 45. Ne2 Nb3 46. Kc2 Nc5 47. Nc1 Rc7 48. Nb3 Ne4+ 49. Kb1 Rc6
50. f3 Ng5 51. Nd2 Kb5 52. f4 Nf7 53. Re2 Nd8 54. Ne5 Rd6 55. Kc2 Nb7 56. Nd3
Na5 57. Re3 Bd4 58. Rh3 Rc6+ 59. Kb1 Nc4 0-1

[Event "Barcelona"]
[Site "Barcelona"]
[Date "1990.??.??"]
[Round "4"]
[White "Granda Zuniga, Julio E"]
[Black "Ochoa de Echaguen, Francisco Javier"]
[Result "1-0"]
[WhiteElo "2485"]
[BlackElo "2400"]
[Annotator "Knaak,R"]
[PlyCount "97"]
[EventDate "1990.09.??"]
[EventType "tourn"]
[EventRounds "9"]
[EventCountry "ESP"]
[EventCategory "10"]
[SourceTitle "CBM 021"]
[Source "ChessBase"]
[SourceDate "1991.04.01"]
[SourceVersion "1"]
[SourceVersionDate "1991.04.01"]
[SourceQuality "1"]

1. d4 e6 2. e4 d5 3. Nc3 Nf6 4. Bg5 dxe4 5. Nxe4 Be7 6. Bxf6 gxf6 7. Nf3 b6 8.
Bb5+ {verliert ein Tempo} c6 9. Bc4 Bb7 10. Qe2 Qc7 11. O-O-O Nd7 12. Kb1 O-O-O
13. Ba6 Rhg8 14. g3 Kb8 $2 {verliert 2(!) Tempos, denn Weiß verdoppelt auf der
d-Linie und spart The1} (14... f5 15. Ned2 h5 $5) 15. Bxb7 Kxb7 16. Rd3 f5 17.
Ned2 Bf6 18. Rd1 Rge8 19. Nc4 b5 $6 20. Ncd2 $16 Nb6 21. Nb3 Na4 22. Re3 Ka8
23. Ne1 Qb6 24. Qf3 Rd5 25. c3 Qc7 26. Nd3 Rc8 27. Ree1 Be7 28. Qh5 Bf6 29. h4
Nb6 30. Nbc5 Rd6 31. Ne5 Bxe5 32. Rxe5 Nd7 33. Nxd7 Rxd7 34. Rc5 f4 35. g4 Rd5
36. Qxh7 Qe7 37. Rxd5 cxd5 38. g5 b4 39. cxb4 Qxb4 40. h5 Qe7 41. g6 Qh4 42. g7
Qg4 43. Rc1 Rxc1+ 44. Kxc1 Qg1+ 45. Kc2 Qxf2+ 46. Kb3 Qe3+ 47. Ka4 Qxd4+ 48. b4
Qd1+ 49. Ka5 1-0

[Event "Hoogovens op"]
[Site "Wijk aan Zee"]
[Date "1993.01.??"]
[Round "6"]
[White "Smirin, Ilia"]
[Black "Lputian, Smbat G"]
[Result "0-1"]
[WhiteElo "2590"]
[BlackElo "2610"]
[Annotator "Knaak,R"]
[PlyCount "88"]
[EventDate "1993.01.??"]
[EventType "swiss"]
[EventRounds "12"]
[EventCountry "NED"]
[SourceTitle "CBM 034"]
[Source "ChessBase"]
[SourceDate "1993.06.01"]
[SourceVersion "1"]
[SourceVersionDate "1993.06.01"]
[SourceQuality "1"]

1. e4 e6 2. d4 d5 3. Nc3 Nf6 4. Bg5 dxe4 5. Nxe4 Be7 6. Bxf6 Bxf6 7. Nf3 O-O 8.
Bc4 Nd7 9. Qe2 Be7 $5 $146 (9... Nb6 10. Bb3 Bd7 11. O-O Bc6 (11... Qe7 12.
Rfe1 Rad8 13. Rad1 Ba4 14. Bxa4 Nxa4 15. Qb5 Nb6 16. c4 c6 17. Qb3 $14 {
Smyslov-Stahlberg/Zuerich/1953}) 12. Nxf6+ gxf6 $6 13. Rad1 Kh8 14. c4 $14 {
Spassky-Czerniak/Goteborg/1971}) (9... c6 10. O-O b6 11. Rad1 Qc7 12. Nxf6+
Nxf6 13. Qe5 Qe7 14. c3 Bb7 15. Rfe1 $14 {Fischer-Pachman/Leipzig ol/1960}) 10.
O-O (10. O-O-O $13) 10... c5 $1 11. d5 $6 (11. Rfd1 $13) 11... exd5 12. Bxd5
Nb6 $15 13. Bb3 Qc7 14. c3 Bg4 15. h3 Bh5 16. Ng3 Bg6 17. Ne5 Rae8 18. Nxg6
hxg6 19. Rfe1 c4 20. Bc2 Qc6 21. Rad1 $6 (21. Be4 $13) 21... Qb5 $1 $17 {>< Pb2
} 22. b3 (22. Bb1 Ba3 $19) 22... Bf6 23. Qf3 (23. Ne4 $5 Bxc3 24. Nxc3 Rxe2 25.
Nxb5 Rxc2 $17) 23... Qa5 $1 24. a4 (24. Rxe8 Rxe8 25. Ne4 Qxa2 26. Qe2 Kf8 $17)
24... Rxe1+ 25. Rxe1 Bxc3 $19 26. Re4 Be5 27. bxc4 Nxa4 28. Qa3 Bxg3 29. Bxa4
Be5 30. f4 Qb6+ 31. Kh2 Bd6 32. Qb3 Qf2 33. Qg3 Qf1 34. Qf3 Qxf3 35. gxf3 g5
36. Kg2 gxf4 37. Rd4 Bc5 38. Rxf4 Rd8 39. Rf5 Rd2+ 40. Kg3 Bd6+ 41. f4 Rd4 42.
Be8 Kf8 43. Bxf7 Rxf4 44. Rd5 Rf6+ 0-1

[Event "GER CupT"]
[Site "Germany"]
[Date "1991.??.??"]
[Round "?"]
[White "Kovalev, Andrei"]
[Black "Kovacevic, Vlatko"]
[Result "1-0"]
[WhiteElo "2520"]
[BlackElo "2550"]
[Annotator "Knaak,R"]
[PlyCount "61"]
[EventDate "1991.??.??"]
[EventType "team"]
[EventRounds "9"]
[EventCountry "GER"]
[SourceTitle "CBM 024"]
[Source "ChessBase"]
[SourceDate "1991.10.01"]
[SourceVersion "1"]
[SourceVersionDate "1991.10.01"]
[SourceQuality "1"]

1. e4 e6 2. d4 d5 3. Nc3 Nf6 4. Bg5 dxe4 5. Nxe4 Be7 6. Bxf6 Bxf6 7. Nf3 O-O 8.
Qd3 {Bisher gab es damit keine Probleme für Schwarz.} Nd7 9. O-O-O b6 10. h4
Bb7 11. Nfg5 g6 {N} (11... Bxg5+ 12. Nxg5 (12. hxg5 Bxe4 13. Qxe4 Qxg5+ 14. Kb1
Nf6 15. Qc6 Qf4 16. Rh3 Rad8 $17 {King-Chernin/Moscov GMA-f/1990/TD 3/90})
12... Nf6 13. Be2 Qd6 14. Bf3 Bxf3 15. Qxf3 Qd5 16. Qxd5 exd5 {=/=/+ Van der
Wiel-Vaganian/Luzern WchT/1989/CBM16}) 12. f4 {/\ h5} h6 13. Nf3 Bg7 14. Ne5
Nxe5 15. dxe5 Qe7 $2 (15... Qxd3 $10) 16. Qe3 Rad8 17. Bd3 {/\ h5+/-} h5 18. g4
$1 $16 hxg4 19. h5 Bxe4 20. Qxe4 f5 21. Qc6 $1 gxh5 22. Rxh5 Qe8 23. Qh1 $18
Qa4 24. Qh2 Qxa2 (24... Rd4 25. Rh1 Rxf4 26. Rh8+ Kf7 27. Qh5+ Ke7 28. Qg5+ Kf7
29. R8h7 Rg8 30. Qf6+ $18) 25. Rh1 Qa1+ 26. Kd2 Qxb2 27. Rh8+ Kf7 28. Qh5+ Ke7
29. Qg5+ Kf7 30. Rxf8+ Rxf8 31. Rh7 1-0

[Event "Politiken Cup 18th"]
[Site "Copenhagen"]
[Date "1996.??.??"]
[Round "6"]
[White "Hjartarson, Johann"]
[Black "Speelman, Jonathan S"]
[Result "1/2-1/2"]
[WhiteElo "2570"]
[BlackElo "2625"]
[Annotator "Knaak,R"]
[PlyCount "91"]
[EventDate "1996.06.??"]
[EventType "swiss"]
[EventRounds "11"]
[EventCountry "DEN"]
[SourceTitle "CBM 054"]
[Source "ChessBase"]
[SourceDate "1996.10.01"]
[SourceVersion "1"]
[SourceVersionDate "1996.10.01"]
[SourceQuality "1"]

1. d4 e6 2. e4 d5 3. Nc3 Nf6 4. Bg5 dxe4 5. Nxe4 Nbd7 6. Nf3 Be7 7. Nxf6+ Bxf6
8. h4 h6 9. Be3 $6 (9. Bxf6 Qxf6 10. Qd2) 9... Qe7 10. c3 $6 e5 11. d5 $6 Nb6
$15 12. Qb3 O-O 13. Nd2 Rd8 14. c4 e4 15. Qc2 c6 16. dxc6 bxc6 17. Be2 Bf5 (
17... Qb4 18. Rb1 Bf5 19. g4 Bg6 20. b3 (20. g5 hxg5 21. hxg5 Bxg5) 20... Bd4
21. Rd1 $15) 18. g4 Bg6 19. g5 hxg5 20. hxg5 Bxg5 21. O-O-O Bxe3 22. fxe3 Qg5
23. Qc3 Na4 (23... Rab8) 24. Qa3 Nxb2 25. Kxb2 Rab8+ 26. Kc1 Qf6 27. Rhf1 Qe5
28. Nb1 Rd3 29. Bxd3 exd3 30. Nc3 Qxe3+ 31. Rd2 Qd4 32. Qa5 c5 33. Re1 Bf5 34.
Rf1 Rb4 35. Qa3 Be4 36. Rb2 $6 d2+ $1 37. Kd1 (37. Rxd2 $2 Qxc3+ 38. Qxc3 Rb1#)
37... Qd3 (37... Bd3 $1 38. Rf3 $1 Qg4 (38... Qg1+ 39. Kxd2 Rxb2+ 40. Qxb2 Qg2+
41. Kc1 Qxf3 42. Qb8+ Kh7 43. Qh2+ Kg6 44. Nd5 $17 (44. Qg1+ Kh6 45. Qxc5 Qf4+
46. Kd1 Bxc4)) 39. Rxb4 Qxf3+ 40. Kxd2 cxb4 41. Qxb4 Bf5 $17) 38. Rf2 Bf3+ 39.
Rxf3 Qxf3+ 40. Kxd2 Qf4+ $10 41. Kd1 Qf1+ 42. Kd2 Qxc4 43. Ne2 Qd5+ 44. Ke1
Qh1+ 45. Kd2 Qd5+ 46. Ke1 1/2-1/2

[Event "Tilburg"]
[Site "Tilburg"]
[Date "1991.??.??"]
[Round "10"]
[White "Anand, Viswanathan"]
[Black "Kortschnoj, Viktor Lvovich"]
[Result "1/2-1/2"]
[WhiteElo "2650"]
[BlackElo "2610"]
[Annotator "Knaak,R"]
[PlyCount "125"]
[EventDate "1991.10.??"]
[EventType "tourn"]
[EventRounds "14"]
[EventCountry "NED"]
[EventCategory "17"]
[SourceTitle "CBM 026"]
[Source "ChessBase"]
[SourceDate "1992.02.01"]
[SourceVersion "1"]
[SourceVersionDate "1992.02.01"]
[SourceQuality "1"]

1. e4 {Kortschnoj} e6 2. d4 d5 3. Nc3 dxe4 4. Nxe4 Nd7 5. Nf3 Ngf6 6. Bg5 Be7
7. Nxf6+ Bxf6 8. h4 O-O $1 {N} 9. Qd2 {8.h4 oder 9.Qd2 ist ?!} (9. Bd3 c5) 9...
e5 $1 10. O-O-O (10. dxe5 Nxe5 11. Nxe5 Qxd2+ 12. Bxd2 Bxe5 $10) 10... e4 11.
Bxf6 Nxf6 12. Ne5 Be6 13. Kb1 c5 $15 14. Bc4 Qd6 15. Bxe6 Qxe6 16. Qc3 Rac8 17.
Qb3 Nd5 18. dxc5 Rxc5 19. Nc4 a6 $1 20. Rd2 (20. Ne3 $2 Nc3+ $1 21. bxc3 Rb5
$19) 20... Rfc8 21. Ne3 Nc3+ $1 22. Ka1 $8 Qxb3 23. cxb3 $8 Nd5 24. Kb1 Nxe3
25. fxe3 $17 h5 26. Rhd1 R8c6 27. Rf1 Rc7 28. b4 Re5 29. Rf4 Kh7 30. Rd4 f5 31.
Rf1 Rc6 32. Rd7 Rg6 33. Rxb7 Rxg2 34. Rc7 Rd5 35. Rc5 Rdd2 36. Rfxf5 Rxb2+ 37.
Kc1 Rxa2 38. Rxh5+ Kg8 39. Kb1 Rab2+ 40. Kc1 Rbe2 41. Rc8+ Kf7 42. Rf5+ Ke6 (
42... Ke7 $5) 43. Rf1 Rxe3 44. Rc6+ Ke5 45. Rxa6 Rc3+ 46. Kb1 Rb3+ 47. Kc1 Rf3
48. Re1 Rc3+ 49. Kb1 Rb3+ 50. Kc1 Rxb4 51. Ra7 Rc4+ 52. Kb1 Rg6 53. Rb7 Rcc6 $2
54. Rb5+ Kf4 55. Rf1+ Kg4 (55... Ke3 56. Re1+ Kf3 57. Rf5+ Kg4 58. Re5 $15) 56.
Re1 Rb6 (56... Rc4 $4 57. Rg1+ $18) (56... Rge6 57. Rg1+ $15) 57. Rxe4+ Kh3 58.
Rxb6 Rxb6+ 59. Kc2 Rh6 60. Re7 g6 61. Re6 Kxh4 62. Kd2 Kg3 63. Re3+ (63. Re3+
Kf4 64. Ra3 {/\ Ke2=}) 1/2-1/2

[Event "EU-Cup 09th Group5"]
[Site "Balatonbereny"]
[Date "1993.09.08"]
[Round "2"]
[White "Almasi, Zoltan"]
[Black "Kovacevic, Vlatko"]
[Result "1-0"]
[WhiteElo "2580"]
[BlackElo "2475"]
[Annotator "Knaak,R"]
[PlyCount "45"]
[EventDate "1993.09.07"]
[EventType "team-k.o."]
[EventRounds "3"]
[EventCountry "HUN"]
[SourceTitle "EXT 2020"]
[Source "ChessBase"]
[SourceDate "2019.10.17"]
[SourceVersion "1"]
[SourceVersionDate "2019.10.17"]
[SourceQuality "1"]
[WhiteTeam "Budapest Honved"]
[BlackTeam "Zagreb Mladost-Novogradnja"]
[WhiteTeamCountry "HUN"]
[BlackTeamCountry "CRO"]

1. e4 e6 2. d4 d5 3. Nc3 Nf6 4. Bg5 dxe4 5. Nxe4 Be7 6. Bxf6 Bxf6 7. Nf3 O-O 8.
Qd2 b6 9. Nxf6+ Qxf6 10. Bd3 Bb7 11. Ng5 g6 (11... h6 12. Nh7 Qxd4 13. Nxf8
Kxf8 14. c3 Qh4 15. g3 Qf6 16. Rf1 Nd7 17. f4 Nc5 18. O-O-O a5 19. Bc2 Bc6 20.
Qe3 $14 {Chandler,M-Prasad,D/Novi Sad/1990/}) 12. O-O-O Nd7 $6 $146 (12... Nc6
13. h4 (13. c3 e5 $1 14. d5 Ne7 15. c4 c6 $132 {Gurevich,M}) 13... Nxd4 (13...
Rfd8 14. c3 e5 15. Bc4 Rd7 16. h5 Na5 17. Nxh7 Kxh7 18. hxg6+ Kg8 19. Bxf7+
Rxf7 20. gxf7+ Qxf7 21. Rh4 $18 {Brunner,L-Kovacevic,Vl/FRG-cup/1991/}) 14. h5
Bxg2 15. Nxh7 $1 Kxh7 16. hxg6+ Kg8 17. Rh6 Nf3 18. gxf7+ Rxf7 19. Rxf6 Nxd2
20. Rg6+ Rg7 (20... Kf8 $14 {Gurevich,M}) 21. Rxg7+ Kxg7 22. Rg1 Nf3 23. Rxg2+
Kh8 $16 {Sax,Gy-Gurevich,M/Manila izt/1990/}) 13. h4 Rad8 14. h5 h6 15. Nh7 $1
Kxh7 16. hxg6+ Kg8 $8 17. Rxh6 Kg7 (17... Rfe8 18. gxf7+ Qxf7 19. Qg5+ Qg7 20.
Rg6 $18) 18. Rh7+ Kg8 19. g7 $1 Rfe8 20. Rdh1 {/\ 21.Rh8+ Kxg7 22.R1h7#} Nf8
21. gxf8=Q+ Kxf8 22. R1h6 Qxd4 23. Qg5 $1 1-0

[Event "Bundesliga 9798"]
[Site "Germany"]
[Date "1998.01.31"]
[Round "8.3"]
[White "Keitlinghaus, Ludger"]
[Black "Knaak, Rainer"]
[Result "0-1"]
[WhiteElo "2525"]
[BlackElo "2555"]
[Annotator "Knaak,R"]
[PlyCount "50"]
[EventDate "1997.10.18"]
[EventType "team-tourn"]
[EventRounds "15"]
[EventCountry "GER"]
[SourceTitle "CBM 063"]
[Source "ChessBase"]
[SourceDate "1998.03.26"]
[SourceVersion "1"]
[SourceVersionDate "1998.03.26"]
[SourceQuality "1"]
[WhiteTeam "Bochum"]
[BlackTeam "Werder Bremen"]
[WhiteTeamCountry "GER"]
[BlackTeamCountry "GER"]

1. e4 e6 2. d4 d5 3. Nc3 Nf6 4. Bg5 dxe4 5. Nxe4 Be7 6. Bxf6 gxf6 7. Nf3 b6 8.
Bd3 Bb7 9. Qe2 c6 10. O-O Qc7 11. c4 Nd7 12. a4 a5 13. Rac1 O-O-O $5 {Das
scheint neu zu sein. Wegen der Kontrolle der schwarzen Felder, insbesondere b4,
dürfte der schwarze König nicht sehr gefährdet stehen.} 14. c5 {Damit ist die
schwarze Stellung nicht zu erschüttern.} (14. d5 $2 Nc5 15. Nxc5 Bxc5 16. dxe6
Rde8 17. e7 (17. Bf5 $2 fxe6 18. Bxe6+ Kb8 $19) 17... Rxe7 $15 {[%csl Gc5]
[%cal Yc5f2]}) 14... bxc5 15. dxc5 (15. Ba6 {wollte er spielen, aber} Qb6 16.
Bxb7+ Kxb7 {und Schwarz hat einen Bauern mehr.}) 15... Ne5 $1 16. Nd6+ (16.
Nxe5 Qxe5 {und es droht f6-f5 mit Übergang in ein sehr angenehmes Endspiel.}) (
16. Rfd1 {wollte er ursprünglich spielen und hatte} Nxd3 17. Rxd3 Rd5 {
befürchtet, aber das ist nicht klar:} 18. Rxd5 cxd5 (18... exd5 19. Nd6+ Bxd6
20. cxd6 Qxd6 21. Qd2 $16) 19. c6 Kb8 $13) 16... Bxd6 17. cxd6 Qxd6 18. Nxe5
Qxe5 19. Be4 Rd6 $1 {Ich war hier recht optimistisch, weil Weiß nichts
Konkretes für den Minusbauern hat. Aber natürlich sollte auch die Schwäche der
schwarzen Struktur eine Rolle spielen.} (19... f5 20. Bxc6 Qxe2 21. Bf3+ Kb8
22. Bxe2 Rd2 23. Bh5 Rg8 24. g3 e5 {ist nichts.}) 20. Qf3 Kc7 21. Rfe1 Rhd8 $1
{Schwarz darf sich nicht zu sehr ans Material klammern.} 22. Bxh7 (22. Bg6 Qxb2
(22... Qg5 $6 23. Bxf7 R8d7 24. Qh5 $1 $13) 23. Bxf7 e5 {hat Schwarz auch erst
mal einen Bauern mehr.}) (22. Bxc6 $4 Rxc6 23. Rxc6+ Bxc6 $19) 22... Qd4 $5 {
Die Idee kam mir während der Partie sehr stark vor: Es droht stark 23...f5 mit
Abklemmung des Läufers; erst nach dem Rückzug des Läufers wollte ich dann auf
b2 schlagen.} (22... Qxb2 23. Rb1 Qd4 $13) 23. Qh5 $2 (23. Bb1 f5 $1 (23...
Qxb2 24. Qh5 $1 {[%cal Rh5a5,Rh5f7] Den hatten wir beide übersehen.} e5 25.
Qxf7+ R8d7 $13) 24. b3 $15 {Der Bb7 ist jetzt besser als sein Kollege auf b1.
Selbst c6-c5 nebst Kb6 ist eine Möglichkeit.}) 23... Rd5 $1 $19 (23... f5 24.
Bg8 $1 $13) 24. Qxf7+ (24. Qh3 f5 $19) 24... R8d7 25. Qg6 Qh4 (25... Qh4 26.
Bg8 Rg5 27. Qe8 Rxg2+ $1 28. Kxg2 c5+ 29. Kf1 Qh3+ 30. Ke2 Qd3#) 0-1

[Event "Biel Credis"]
[Site "Biel"]
[Date "1996.??.??"]
[Round "7"]
[White "Lutz, Christopher"]
[Black "Zueger, Beat"]
[Result "1/2-1/2"]
[WhiteElo "2565"]
[BlackElo "2460"]
[Annotator "Knaak,R"]
[PlyCount "58"]
[EventDate "1996.07.22"]
[EventType "tourn"]
[EventRounds "11"]
[EventCountry "SUI"]
[EventCategory "10"]
[SourceTitle "CBM 055"]
[Source "ChessBase"]
[SourceDate "1996.12.01"]
[SourceVersion "1"]
[SourceVersionDate "1996.12.01"]
[SourceQuality "1"]

1. e4 e6 2. d4 d5 3. Nc3 Nf6 4. Bg5 dxe4 5. Nxe4 Be7 6. Bxf6 gxf6 7. Nf3 b6 8.
Bc4 Bb7 9. Qe2 c6 {Wenn ich diesen Zug spiele, wundere ich mich immer aufs
Neue, wie merkwürdig das Schachspiel sein kann: Zuerst entwickelt Schwarz den
Läufer auf die schöne Diagonale a8-h1, dann schließt er sie freiwillig, so den
Läufer abwertend. Doch damit nicht genug; Weiß nutzt die erste Gelegenheit, um
diesen Läufer zu tauschen.} 10. O-O-O Qc7 {Das ist der Grund für 9...c6:
Schwarz benötigt ein Feld für die Dame.} 11. Kb1 Nd7 12. Rhe1 (12. Ba6 $2 Bxa6
13. Qxa6 b5 $1 {/\ 14...Nb8}) 12... O-O-O 13. Ba6 Bxa6 14. Qxa6+ Kb8 15. c4 {
Die Dame steht auf a6 nicht besonders gut, aber andererseits hat sich 15.Qe2
auch nicht besonders bewährt.} f5 $1 {=/=/+} 16. Neg5 (16. Nc3 Bb4) 16... Bxg5
17. Nxg5 Nf6 18. g3 Ng4 19. f3 Nxh2 20. Rh1 h6 21. Nxf7 Qxf7 22. Rxh2 Qg7 {
[%cal Rg7d4,Rg7g3]} 23. c5 $1 Rxd4 24. Rdh1 bxc5 $5 (24... Rb4 $1 {[%csl Rb2]
[%cal Rb4b2,Yb4b6]} 25. Qa3 $13 (25. Qd3 Qe5) 25... bxc5 26. Qe3 Ka8 (26... Qf6
27. b3) (26... Qxg3 27. Qxe6) 27. Qxe6 Qb7 (27... Rb6 28. Rc2 Rhb8 29. b3 $13)
28. Qxf5 Rb8 29. Qf6 a5) 25. Qxc6 Qd7 26. Qxd7 Rxd7 27. Rxh6 Rxh6 28. Rxh6 Rd3
29. Rxe6 Rxf3 1/2-1/2